00491 2200181 4500001002100000005001500021008004100036020001800077035001900095041000700114082000800121090001400129100002100143245006100164260003500225300003600260650001300296INLIS00000000000544320241224113112241224||||||||| | ||| |||| || |  a602-7819-25-1 0010-1224005443 aid0 a635 a635 HAR b0 aHARYANTO BUDIMAN00aBudidaya Jagung Organik: Varietas Baru Yang Kian di Buru aYogyakartabPustaka Baru Putra a19,5x14 cm, x, 206 hlm.; ilus.: 0aBudidaya